| 000 | 00538pab a2200181 454500 | ||
|---|---|---|---|
| 008 | 180718b2001 xxu||||| |||| 00| 0 eng d | ||
| 100 | _aEnglish, Richard | ||
| 245 | _aPublic intellectuals and the question of British decline | ||
| 260 | _c2001 | ||
| 300 | _ap.259-83 | ||
| 362 | _aOct | ||
| 650 | _aGreat Britain - Politics and government | ||
| 650 | _aIntelligentsia - Great Britain | ||
| 650 | _aIntelligentsia | ||
| 700 | _aKenny, Michael | ||
| 773 | _aBritish Journal of Politics and International Relations | ||
| 909 | _a50303 | ||
| 999 |
_c50303 _d50303 |
||